| 000 | 00409nam a22001337a 4500 | ||
|---|---|---|---|
| 020 | _a9789155487232 | ||
| 082 |
_a621.312424 _bRAM |
||
| 100 | _aRamzan, Muhammad | ||
| 245 |
_aStructural, Electronic and Mechanical Properties of Advanced Functional Materials / _cMuhammad Ramzan |
||
| 260 |
_aSweden : _bUPPSALA University, _c2013. |
||
| 300 |
_aUnpaged, _c24 cm. |
||
| 563 | _aPBK. | ||
| 942 |
_2ddc _cBK |
||
| 999 |
_c589075 _d589075 |
||